| 000 | 00416nam a2200109Ia 4500 | ||
|---|---|---|---|
| 008 | 180412s9999||||xx |||||||||||||| ||und|| | ||
| 020 | _a853650780 | ||
| 040 | _aAhmadu Bello University Library - Zaria | ||
| 100 | _aMORRIS, Clare | ||
| 245 | 0 |
_aLiterature and the social workers: a reading list for practitioners, teachers, students and voluntary workers _cedited by clare Morris |
|
| 260 |
_aLondon _bThe Library Association _c1975 |
||
| 300 | _a22p. | ||
| 999 |
_c26333 _d26333 |
||